000 01670nam a2200433 i 4500
001 23049
003 FlNmELB
005 20241216214044.0
006 m o d |
007 cr cnu||||||||
008 150713s2013 sp a o 000 0 spa d
020 _a9788436828276
020 _a9788436828399 (e book)
035 _a(MiAaPQ)EBC3429211
035 _a(Au-PeEL)EBL3429211
035 _a(CaPaEBR)ebr11059730
035 _a(OCoLC)949136919
040 _aFINmELB
_bspa
_erda
_cFINmELB
050 4 _aHB172
_bP9864 2013
080 _a330.101.542
082 0 _a338.5
_223
100 1 _aPuértolas, Javier.
245 1 0 _aMicroeconomía interactiva.
_n1 :
_bequilibrio parcial, teoría de la producción y la oferta /
_cJavier Puértolas, Loreto Llorente.
264 1 _aMadrid :
_bEdiciones Pirámide,
_c2013.
300 _a1 recurso en línea (398 páginas) :
_bgráficos
336 _atexto
_btxt
_2rdacontent/spa
337 _acomputadora
_bc
_2rdamedia/spa
338 _arecurso en línea
_bcr
_2rdacarrier/spa
490 1 _aColección "Economía y empresa"
588 _aDescripción basada en recurso en línea; Título de la página del título en PDF (e-libro, visto July 13, 2015).
590 _aRecurso electrónico. Santa Fe, Arg.: e-libro, 2015. Disponible vía World Wide Web. El acceso puede estar limitado para las bibliotecas afiliadas a e-libro.
650 0 _aMicroeconomics.
650 4 _aMicroeconomía.
655 4 _aLibros electrónicos.
700 1 _aLlorente, Loreto,
_eautor.
797 2 _ae-libro, Corp.
830 0 _aColección "Economía y empresa".
856 4 0 _uhttps://elibro.net/ereader/politecnicointernacional/49027
999 _c23049
_d23049